عرض عادي عرض مارك
  • Berman, Paul R.,

مدخل إسم شخص

عدد التسجيلات المستخدمة في: 1

001 - رقم الضبط

  • حقل الضبط: 38121

003 - معرف رقم الضبط

  • حقل الضبط: OSt

005 - تاريخ ووقت أخر عملية

  • حقل الضبط: 20131022114051.0

008 - عناصر بيانات ثابتة الطول

  • حقل تحكم ثابت الطول: 131022|||a|||||| | ||| d

040 ## - مصدر الفهرسة

  • هيئة الفهرسة الأصلية: OSt
  • وكالة الكتابة: OSt

100 ## - مدخل -- أسم شخص

  • إسم شخص: Berman, Paul R.,
  • تواريخ مرتبطة بالاسم: 1945-

670 ## - بيانات المصدر موجوده

  • الاستشهاد بالمصدر: Work cat.: (OSt)0: Berman, Paul R., 1945-, Principles of laser spectroscopy and quantum optics /, c2011.